Search the Library Catalogue
| 000 -LEADER | |
|---|---|
| fixed length control field | 00634nam a2200193Ia 4500 |
| 008 - FIXED-LENGTH DATA ELEMENTS--GENERAL INFORMATION | |
| fixed length control field | 191130s2002##################000#0#eng## |
| 020 ## - INTERNATIONAL STANDARD BOOK NUMBER | |
| International Standard Book Number | 9780805836318 |
| 040 ## - CATALOGING SOURCE | |
| Original cataloging agency | ACL |
| Transcribing agency | ACL |
| 082 ## - DEWEY DECIMAL CLASSIFICATION NUMBER | |
| Classification number | 302 HAR |
| 245 ## - TITLE STATEMENT | |
| Title | A clinician's guide to maintaining and enhancing close relationships |
| Statement of responsibility, etc. | John H. Harvey (editor), Amy Wenzel |
| 260 ## - PUBLICATION, DISTRIBUTION, ETC. | |
| Place of publication, distribution, etc. | Hillsdale, N.J |
| Name of publisher, distributor, etc. | Lawrence Erlbaum |
| Date of publication, distribution, etc. | 2002 |
| 300 ## - PHYSICAL DESCRIPTION | |
| Extent | vii, 342 p. : ill. ; 24 cm |
| 500 ## - GENERAL NOTE | |
| General note | Includes bibliographical references and index |
| 700 ## - ADDED ENTRY--PERSONAL NAME | |
| Personal name | Harvey, John H |
| Personal name | Wenzel, Amy |
| 990 ## - EQUIVALENCES OR CROSS-REFERENCES [LOCAL, CANADA] | |
| Link information for 9XX fields | aee12286ac10000c3211458a8c90473a |
| 991 ## - | |
| -- | 222378 |
| Withdrawn status | Lost status | Materials specified (bound volume or other part) | Damaged status | Not for loan | Home library | Current library | Shelving location | Date acquired | Total Checkouts | Full call number | Barcode | Date last seen | Price effective from | Koha item type |
|---|---|---|---|---|---|---|---|---|---|---|---|---|---|---|
| hbk | Anna Centenary Library | Anna Centenary Library | 3RD FLOOR, B WING | 15.10.2020 | 302 HAR | 164056 | 15.10.2020 | 15.10.2020 | English Books | |||||
| hbk | Anna Centenary Library | Anna Centenary Library | 3RD FLOOR, B WING | 15.10.2020 | 302 HAR | 326962 | 15.10.2020 | 15.10.2020 | English Books |